Name the Disorder/Disability - Statistics

General Stats
  • This quiz has been taken 40 times
  • The average score is 8 of 12
Answer Stats
Hint Answer % Correct
One of the most common mental disorders affecting children. Symptoms include inattention, hyperactivity and impulsivity. ADHD
100%
A neurodevelopmental disorder characterized by deficits in social communication and the presence of restricted interests and repetitive behaviors. Autism
100%
A condition of neurodevelopmental origin that affects how a person reads, writes, and spells, typically recognized as a learning disorder in children. Dyslexia
92%
A mental disorder characterized by periods of depression and abnormally elevated mood. Bipolar
89%
A serious but common mental health disorder characterized by persistent sadness, low mood, and a loss of interest in activities for at least two weeks Depression
89%
A mental health condition characterized by excessive, persistent, and uncontrollable fear or worry that interferes with daily life. Anxiety
84%
This condition leads to mild-to-moderate intellectual disability, developmental delays, and distinct physical features like a flattened face and almond-shaped eyes. Down Syndrome
78%
A mental health condition characterized by a cycle of uncontrollable, intrusive thoughts and repetitive behaviors or mental acts performed to reduce distress. OCD
73%
A chronic neurological disorder characterized by severe, uncontrollable daytime sleepiness and sudden "sleep attacks" caused by the brain's inability to regulate sleep-wake cycles Narcolepsy
57%
A lifelong neurological disorder appearing in infancy or early childhood that affect movement, muscle tone, posture, and balance. Cerebral Palsy
38%
A serious mental health condition diagnosed in children and teens with a pattern of antisocial behaviors, often including aggression, destruction of property, theft, and serious rule-breaking. Conduct Disorder
8%
A childhood behavior disorder characterized by a pattern of angry/irritable mood and argumentative/defiant behavior toward authority figures like parents and teachers. Oppositional Defiant Disorder
8%
No matching quizzes found
Score Distribution
Percent of People with Each Score
Percentile by Number Answered
Your Score History
You have not taken this quiz